| 000 | 00868cab a2200265 4500 | ||
|---|---|---|---|
| 001 | WB2835-58 | ||
| 008 | 090401t1992 xxu||||| |||| 00| 0 eng d | ||
| 035 | _a(Sirsi) u7167 | ||
| 041 | _aeng | ||
| 245 | _aCCT first | ||
| 260 | _c1992 | ||
| 350 | _a0 | ||
| 490 |
_aArchitects` Journal _v196(10) 9 September 1992, 7(1) |
||
| 520 | _aOxfordshire CC has dealt at a stroke with the whole question of compulsory competitive tendering (CCT) as it applies to property services and building design by signing a comprehensive one-stop deal with the WS Atkins Group. | ||
| 650 | _aCOMPULSORY COMPETITIVE TENDERING | ||
| 650 | _aLOCAL AUTHORITIES | ||
| 650 | _aOXFORDSHIRE CC | ||
| 650 | _aPROPERTY SERVICES | ||
| 650 | _aTRANSFER | ||
| 650 | _aWS ATKINS | ||
| 690 | _aBUILT ENVIRONMENT | ||
| 690 | _aPROFESSIONAL PRACTICE | ||
| 942 | _n0 | ||
| 948 | _c04/03/1997 | ||
| 999 |
_c4290 _d4290 |
||